Tamino discography - Statistics

General Stats
  • This quiz has been taken 45 times
  • The average score is 18 of 29
Answer Stats
Answer % Correct
Indigo Night
94%
Persephone
94%
Habibi
91%
Sunflower
88%
Cigar
82%
Tummy
82%
The First Disciple
76%
Fascination
73%
You Don't Own Me
73%
The Longing
70%
Cinnamon
67%
Crocodile
67%
My Dearest Friend and Enemy
67%
w.o.t.h
67%
A Drop of Blood
64%
Intervals
64%
Sun May Shine
64%
Chambers
58%
Chambers
58%
Only Our Love
55%
So It Goes
55%
Verses
55%
The Flame
52%
Each Time
45%
Babylon
42%
Every Pore
42%
Smile
33%
Seasons
24%
Bedford
3%
No matching quizzes found
Score Distribution
Percent of People with Each Score
Percentile by Number Answered
Your Score History
You have not taken this quiz